00668nam a2200241 a 4500001001300000003000900013005001700022008004100039020000800080082001600088100002200104245001800126260003400144300000900178500003500187505001700222650002500239700002200264902000800286942000700294952011200301999001300413nice12345678IN_TiNIC20260116011332.0050524s1955 lona grp 000 0 eng  ac000a953.8bPHI1 aPhilby, H St John aSa`udi Arabia aLondonbErnest Benn Ltdc1955 a393p aincludes index and biblioraphy2 aIllus. Index aSaudi Arabia-History1 aPhilby, H St John bSRS cBK 001040708StackRoom-aHMIbHMId2005-05-24g0.00l0o953.8 PHI1p01122r2005-05-24v0.00w2005-05-24yBK c617d617